[Event "DEM U12/U12w 2010"]
[Site "Oberhof GER"]
[Date "2010.05.26"]
[Round "6"]
[White "Keller, Peter"]
[Black "Sawlin, Leonid"]
[Result "0-1"]
[Termination "normal"]
[Board "1"]
[WhiteElo "1798"]
[BlackElo "1865"]
[PlyCount "76"]
[WhiteFideId "1272105"]
[BlackFideId "4689542"]
[EventCountry "GER"]
[EventRounds "11"]
[EventType "swiss"]
[EventDate "2010.05.22"]

1. e4 e6 2. Nf3 d5 3. Nc3 Nf6 4. e5 Nfd7 5. d4 c5 6. dxc5 Nc6 7. Bf4 Bxc5 8.
Bd3 f6 9. exf6 Qxf6 10. Bg3 O-O 11. O-O a6 12. Qd2 Nde5 13. Nxe5 Nxe5 14. Be2
Bb4 15. Rad1 Nc6 16. f4 Qh6 17. Qd3 Bc5+ 18. Bf2 Bxf2+ 19. Rxf2 Rxf4 20. Qe3
Rxf2 21. Qxf2 Qf6 22. Qc5 Bd7 23. Qb6 Rb8 24. Qc7 Qe7 25. Ne4 Be8 26. Qxe7 Nxe7
27. Ng5 e5 28. Bg4 h6 29. Be6+ Kh8 30. Nf3 e4 31. Ne5 Bc6 32. Rf1 Re8 33. Rf7
Kh7 34. Nxc6 Nxc6 35. Bxd5 e3 36. Kf1 Nd4 37. c3 e2+ 38. Ke1 Nc2+ 0-1

[Event "DEM U12/U12w 2010"]
[Site "Oberhof GER"]
[Date "2010.05.26"]
[Round "6"]
[White "Xiong, Ferdinand"]
[Black "Grigorian, Spartak"]
[Result "1/2-1/2"]
[Termination "normal"]
[Board "2"]
[WhiteElo "1901"]
[BlackElo "1800"]
[PlyCount "57"]
[WhiteFideId "24654132"]
[BlackFideId "24661490"]
[EventCountry "GER"]
[EventRounds "11"]
[EventType "swiss"]
[EventDate "2010.05.22"]

1. e4 c5 2. Nf3 Nc6 3. d4 cxd4 4. Nxd4 Nf6 5. Nc3 d6 6. Bc4 e6 7. Be3 Be7 8.
Bb3 a6 9. Qe2 Qc7 10. O-O-O O-O 11. g4 Nxd4 12. Rxd4 e5 13. Nd5 Bxg4 14. Rc4
Bxe2 15. Rxc7 Bd8 16. Nxf6+ Bxf6 17. Bd5 Rac8 18. Rxb7 Rb8 19. Rd7 Rbd8 20. Rc7
Bb5 21. Kd2 Rd7 22. Rc3 Bd8 23. Ra1 Rc7 24. a4 Bd7 25. Rd3 Bc6 26. b4 Bxd5 27.
Rxd5 Rc4 28. Rxd6 Be7 29. Rxa6 1/2-1/2

[Event "DEM U12/U12w 2010"]
[Site "Oberhof GER"]
[Date "2010.05.26"]
[Round "6"]
[White "Donchenko, Alexander"]
[Black "Bluhm, Sonja Maria"]
[Result "1-0"]
[Termination "normal"]
[Board "3"]
[WhiteElo "2094"]
[BlackElo "1709"]
[PlyCount "97"]
[WhiteFideId "24603295"]
[BlackFideId "24654027"]
[EventCountry "GER"]
[EventRounds "11"]
[EventType "swiss"]
[EventDate "2010.05.22"]

1. d4 d5 2. Nf3 c6 3. c4 Nf6 4. Qc2 dxc4 5. Qxc4 Bf5 6. g3 Nbd7 7. Bg2 e6 8.
O-O Be7 9. Nc3 O-O 10. Re1 Ne4 11. Qb3 Qb6 12. Nh4 Qxb3 13. axb3 Bxh4 14. gxh4
Ndf6 15. f3 Nxc3 16. bxc3 a6 17. e4 Bg6 18. Kf2 Rfd8 19. Ba3 Rac8 20. Red1 Rd7
21. Bc5 Ne8 22. Ke3 Nc7 23. Bf1 f6 24. Bh3 Kf7 25. c4 Rcd8 26. d5 cxd5 27. cxd5
h5 28. Bb6 f5 29. Bxc7 Rxc7 30. dxe6+ Ke7 31. Rxd8 Kxd8 32. Rd1+ Ke7 33. exf5
Be8 34. Kd2 Kf6 35. f4 Ke7 36. Rg1 Kf6 37. Rg3 Rc5 38. Rd3 Ke7 39. Rd4 Rc7 40.
Bg2 b5 41. b4 Ra7 42. Kc3 Rc7+ 43. Kb2 Ra7 44. Rd3 Rc7 45. Rc3 Ra7 46. Rc8 a5
47. bxa5 Rxa5 48. Rc7+ Kf6 49. Bc6 1-0

[Event "DEM U12/U12w 2010"]
[Site "Oberhof GER"]
[Date "2010.05.26"]
[Round "6"]
[White "Schröder, Jan-Christian"]
[Black "Schwarz, Larissa"]
[Result "1-0"]
[Termination "normal"]
[Board "4"]
[WhiteElo "1965"]
[BlackElo "1526"]
[PlyCount "59"]
[WhiteFideId "24662259"]
[BlackFideId "24699004"]
[EventCountry "GER"]
[EventRounds "11"]
[EventType "swiss"]
[EventDate "2010.05.22"]

1. e4 c5 2. Nf3 e6 3. d4 cxd4 4. Nxd4 a6 5. Nc3 Qc7 6. Bd3 b5 7. O-O Nf6 8. Re1
Bb7 9. Bg5 Be7 10. e5 Nd5 11. Nxd5 Bxd5 12. Bxe7 Kxe7 13. Qg4 Kf8 14. Re3 Nc6
15. Nxc6 Bxc6 16. Qb4+ Ke8 17. Rae1 Rd8 18. Qg4 g6 19. h4 h6 20. Qf4 d6 21.
exd6 Qxd6 22. Qf6 Kd7 23. Qxf7+ Kc8 24. Rxe6 Qd7 25. Qxd7+ Kxd7 26. Rxg6 Rdg8
27. Bf5+ Kc7 28. Re7+ Kd8 29. Ree6 Bb7 30. h5 1-0

[Event "DEM U12/U12w 2010"]
[Site "Oberhof GER"]
[Date "2010.05.26"]
[Round "6"]
[White "Müller, Constantin"]
[Black "Kollars, Dmitrij"]
[Result "1-0"]
[Termination "normal"]
[Board "5"]
[WhiteElo "1861"]
[BlackElo "1611"]
[PlyCount "85"]
[WhiteFideId "24697630"]
[BlackFideId "12909572"]
[EventCountry "GER"]
[EventRounds "11"]
[EventType "swiss"]
[EventDate "2010.05.22"]

1. d4 Nf6 2. Nf3 g6 3. c4 Bg7 4. Nc3 d6 5. e4 O-O 6. g3 Nbd7 7. Bg2 e5 8. O-O
Re8 9. Re1 exd4 10. Nxd4 Nc5 11. h3 Bd7 12. Rb1 a5 13. Bg5 h6 14. Bf4 Nh5 15.
Be3 Nf6 16. Qc2 Kh7 17. Rbd1 Rb8 18. Nde2 Qc8 19. g4 Bc6 20. Ng3 Qe6 21. Bxc5
dxc5 22. Nd5 Rbc8 23. e5 Nd7 24. f4 Bxd5 25. cxd5 Qb6 26. Kh1 Nf8 27. Ne4 Rcd8
28. Nxc5 Nd7 29. Nxd7 Rxd7 30. Qa4 Red8 31. Qc2 Qa6 32. f5 Re8 33. fxg6+ fxg6
34. e6 Rde7 35. Be4 Rf8 36. Bxg6+ Kh8 37. Bf5 Qd6 38. Qb3 b6 39. Qe3 Qb4 40. b3
Qd6 41. Rf1 Ree8 42. g5 c5 43. gxh6 1-0

[Event "DEM U12/U12w 2010"]
[Site "Oberhof GER"]
[Date "2010.05.26"]
[Round "6"]
[White "Birnkraut, Tim"]
[Black "Bauer, Björn-Benny"]
[Result "1-0"]
[Termination "normal"]
[Board "6"]
[WhiteElo "1686"]
[BlackElo "1821"]
[PlyCount "53"]
[WhiteFideId "24609587"]
[BlackFideId "24698741"]
[EventCountry "GER"]
[EventRounds "11"]
[EventType "swiss"]
[EventDate "2010.05.22"]

1. e4 c5 2. c4 Nc6 3. Ne2 Nf6 4. Nbc3 e5 5. d3 d6 6. Be3 Qb6 7. Qd2 Be6 8. g3
Ng4 9. Bg2 Nxe3 10. fxe3 Be7 11. Nd5 Qd8 12. Nxe7 Qxe7 13. O-O h5 14. Nc3 Qg5
15. Qf2 Kd7 16. Nd5 Rh6 17. Rad1 Rah8 18. a3 Rg6 19. b4 b6 20. bxc5 dxc5 21. d4
cxd4 22. exd4 Nxd4 23. Nf4 Rf6 24. Rxd4+ exd4 25. Qxd4+ Ke7 26. e5 Rfh6 27.
Qd6+ 1-0

[Event "DEM U12/U12w 2010"]
[Site "Oberhof GER"]
[Date "2010.05.26"]
[Round "6"]
[White "Manusina, Nicole"]
[Black "Perske, Thore"]
[Result "1-0"]
[Termination "normal"]
[Board "7"]
[WhiteElo "1789"]
[BlackElo "1659"]
[PlyCount "59"]
[WhiteFideId "24657514"]
[BlackFideId "12902195"]
[EventCountry "GER"]
[EventRounds "11"]
[EventType "swiss"]
[EventDate "2010.05.22"]

1. d4 Nf6 2. c4 g6 3. Nc3 Bg7 4. e4 d6 5. f3 O-O 6. Be3 Nc6 7. Nge2 a6 8. Qd2
Rb8 9. Rc1 Bd7 10. b3 b5 11. cxb5 axb5 12. Ng3 Na7 13. b4 Ne8 14. d5 Nc8 15.
Bd3 e5 16. O-O f5 17. exf5 gxf5 18. f4 e4 19. Be2 Nf6 20. Rc2 Ne7 21. Rfc1 Rb7
22. Nf1 Ng6 23. Qd1 Rf7 24. Nd2 Re7 25. Nb3 Rb8 26. Nd4 Qe8 27. Qf1 Qf7 28.
Bxb5 Nxd5 29. Nxd5 Qxd5 30. Bc4 1-0

[Event "DEM U12/U12w 2010"]
[Site "Oberhof GER"]
[Date "2010.05.26"]
[Round "6"]
[White "Rempe, Moritz"]
[Black "Samietz, Jannick"]
[Result "1-0"]
[Termination "normal"]
[Board "8"]
[WhiteElo "1631"]
[BlackElo "1362"]
[PlyCount "113"]
[WhiteFideId "12906867"]
[BlackFideId "12918091"]
[EventCountry "GER"]
[EventRounds "11"]
[EventType "swiss"]
[EventDate "2010.05.22"]

1. e4 d5 2. exd5 Qxd5 3. Nc3 Qd6 4. d4 Nf6 5. Nf3 c6 6. h3 Bf5 7. Bd3 Bg6 8.
O-O Nbd7 9. Re1 e6 10. Ne2 Qc7 11. c4 Bd6 12. c5 Be7 13. Bf4 Qc8 14. b4 O-O 15.
Bxg6 hxg6 16. Nc3 a6 17. a4 Nd5 18. Nxd5 cxd5 19. Qc2 Bf6 20. Bd6 Re8 21. g4
Be7 22. Bf4 Nf6 23. g5 Nh5 24. Bh2 Qd8 25. h4 b6 26. b5 a5 27. Rec1 Rc8 28. c6
Bd6 29. Qe2 Bxh2+ 30. Kxh2 Qd6+ 31. Qe5 Qxe5+ 32. Nxe5 Nf4 33. Nd7 Ne2 34. Rd1
Rc7 35. Nxb6 Nc3 36. Rd3 Ne4 37. f3 Nd6 38. Rc1 Kh7 39. Nd7 Nc4 40. Nc5 Ra8 41.
Nd7 Re8 42. Rb1 Rd8 43. b6 Rxc6 44. b7 Rxd7 45. b8=Q Rcd6 46. Rb7 Rd8 47. Qc7
Rf8 48. Rdb3 Rfd8 49. Qxf7 Rg8 50. h5 e5 51. hxg6+ Rxg6 52. f4 Nd6 53. Rh3+ Rh6
54. g6+ Kh8 55. Qxg8+ Kxg8 56. Rb8+ Nc8 57. Rxc8# 1-0

[Event "DEM U12/U12w 2010"]
[Site "Oberhof GER"]
[Date "2010.05.26"]
[Round "6"]
[White "Bach, Jannik"]
[Black "Baskin, Robert"]
[Result "0-1"]
[Termination "normal"]
[Board "9"]
[WhiteElo "1680"]
[BlackElo "1828"]
[PlyCount "66"]
[WhiteFideId "24615900"]
[BlackFideId "24662402"]
[EventCountry "GER"]
[EventRounds "11"]
[EventType "swiss"]
[EventDate "2010.05.22"]

1. e4 c5 2. Nf3 d6 3. d4 cxd4 4. Nxd4 Nf6 5. Nc3 a6 6. Bg5 Nbd7 7. Qd2 e6 8. f3
Qc7 9. g4 Be7 10. h4 b5 11. h5 Nc5 12. Bg2 Bb7 13. Bxf6 Bxf6 14. g5 Be7 15. g6
hxg6 16. hxg6 Rxh1+ 17. Bxh1 Bh4+ 18. Kd1 b4 19. Nce2 Rb8 20. Qf4 Bf6 21. Qg4
Rc8 22. Rc1 Kf8 23. gxf7 Kxf7 24. Bg2 Rh8 25. Bh3 Bc8 26. Qg2 Qa5 27. Ra1 Na4
28. Rb1 Qc5 29. Nb3 Qh5 30. Nf4 Qh6 31. Qg4 e5 32. Qh5+ Qxh5 33. Nxh5 Bxh3 0-1

[Event "DEM U12/U12w 2010"]
[Site "Oberhof GER"]
[Date "2010.05.26"]
[Round "6"]
[White "Richter, Leonard"]
[Black "Peters, Tom"]
[Result "1/2-1/2"]
[Termination "normal"]
[Board "10"]
[WhiteElo "1816"]
[BlackElo "1551"]
[PlyCount "62"]
[WhiteFideId "12900290"]
[BlackFideId "24694444"]
[EventCountry "GER"]
[EventRounds "11"]
[EventType "swiss"]
[EventDate "2010.05.22"]

1. e4 e5 2. Nf3 Nc6 3. d4 exd4 4. Bc4 Nf6 5. e5 d5 6. Bb5 Ne4 7. Nxd4 Bc5 8.
Be3 Bd7 9. Bxc6 bxc6 10. O-O O-O 11. f3 Ng5 12. Qd2 f6 13. Nc3 fxe5 14. Bxg5
Bxd4+ 15. Qxd4 Qxg5 16. Qd1 Bh3 17. Rf2 Rf7 18. Kh1 Bf5 19. Qe2 Bg6 20. Re1 Re8
21. Qa6 Rf6 22. Qxa7 d4 23. Na4 Bxc2 24. Rxc2 Rh6 25. Rf1 Qg3 26. h3 e4 27.
fxe4 Rxh3+ 28. gxh3 Qxh3+ 29. Kg1 Qg3+ 30. Rg2 Qe3+ 31. Rff2 Qc1+ 1/2-1/2

[Event "DEM U12/U12w 2010"]
[Site "Oberhof GER"]
[Date "2010.05.26"]
[Round "6"]
[White "Hirschmann, Jakob"]
[Black "Damm, Nils"]
[Result "1/2-1/2"]
[Termination "normal"]
[Board "11"]
[WhiteElo "1770"]
[BlackElo "1639"]
[PlyCount "67"]
[WhiteFideId "24652067"]
[BlackFideId "24693065"]
[EventCountry "GER"]
[EventRounds "11"]
[EventType "swiss"]
[EventDate "2010.05.22"]

1. e4 e5 2. Nf3 Nc6 3. Bc4 Nf6 4. d3 Bc5 5. O-O d6 6. c3 a6 7. Bb3 Ba7 8. h3
Ne7 9. Re1 Ng6 10. d4 O-O 11. Nbd2 Qe7 12. Nf1 h6 13. Ng3 Qd8 14. Qc2 Kh8 15.
Be3 c5 16. Rad1 Qc7 17. dxe5 Nxe5 18. Nxe5 dxe5 19. Qc1 Kh7 20. Kh1 c4 21. Bc2
Bxe3 22. Qxe3 Be6 23. Ne2 Nd7 24. f4 f6 25. Rd2 Rad8 26. Red1 Nb8 27. fxe5 fxe5
28. Ng3 Rxd2 29. Rxd2 Qf7 30. Rd6 Nc6 31. Bd1 Qe7 32. Rd2 Qf6 33. Bf3 Bxh3 34.
Nf5 1/2-1/2

[Event "DEM U12/U12w 2010"]
[Site "Oberhof GER"]
[Date "2010.05.26"]
[Round "6"]
[White "Schnepper, Pauline"]
[Black "Hamid, Emran"]
[Result "0-1"]
[Termination "normal"]
[Board "12"]
[WhiteElo "1536"]
[BlackElo "1700"]
[PlyCount "108"]
[WhiteFideId "12918040"]
[BlackFideId "12903566"]
[EventCountry "GER"]
[EventRounds "11"]
[EventType "swiss"]
[EventDate "2010.05.22"]

1. e4 e5 2. Nc3 Nf6 3. Bc4 Nxe4 4. Qh5 Nd6 5. Bb3 Be7 6. Qxe5 O-O 7. Nge2 Bf6
8. Qg3 Re8 9. O-O Nc6 10. Qf4 b6 11. d3 Bb7 12. Qg4 Ne5 13. Qh3 Ng6 14. Nf4
Nxf4 15. Bxf4 Bxc3 16. bxc3 Qf6 17. Bxd6 Qxd6 18. Qf5 Re7 19. Qg5 Rae8 20. Qg4
h6 21. h4 Qc6 22. Rab1 Qxc3 23. Qc4 Qxc4 24. Bxc4 Re2 25. Bb3 Bc6 26. a3 a5 27.
a4 g6 28. c4 Rd2 29. Rfd1 Ree2 30. Rxd2 Rxd2 31. Kf1 Rxd3 32. Ke2 Rd6 33. g3
Kg7 34. Rc1 f5 35. c5 Rd4 36. cxb6 cxb6 37. f3 Rb4 38. Bd1 Bxa4 39. Bxa4 Rxa4
40. Rc7 Rd4 41. Rb7 Rd6 42. Ke3 Kf6 43. f4 Ke6 44. Rc7 b5 45. Rc5 Rd5 46. Rc2
b4 47. Rb2 Rb5 48. Kd4 d5 49. Kd3 a4 50. Rc2 Kd6 51. Rc1 a3 52. Ra1 b3 53. Rxa3
b2 54. Ra6+ Kc5 0-1

[Event "DEM U12/U12w 2010"]
[Site "Oberhof GER"]
[Date "2010.05.26"]
[Round "6"]
[White "Mager, Denis"]
[Black "Srokovskiy, Andrea"]
[Result "0-1"]
[Termination "normal"]
[Board "13"]
[WhiteElo "1538"]
[BlackElo "1726"]
[PlyCount "102"]
[WhiteFideId "24691127"]
[BlackFideId "4624947"]
[EventCountry "GER"]
[EventRounds "11"]
[EventType "swiss"]
[EventDate "2010.05.22"]

1. Nf3 c5 2. d4 cxd4 3. Nxd4 b6 4. c4 Nf6 5. Nc3 Bb7 6. f3 e6 7. e4 d6 8. Be3
a6 9. Bd3 Be7 10. O-O O-O 11. f4 Nbd7 12. a3 Qc7 13. b4 d5 14. e5 Ne4 15. Nxe4
dxe4 16. Be2 a5 17. b5 Nc5 18. Qc2 f6 19. exf6 Bxf6 20. Rad1 e5 21. fxe5 Bxe5
22. g3 Bxg3 23. Bg4 Be5 24. Ne6 Rxf1+ 25. Rxf1 Qd7 26. Bxc5 bxc5 27. Qf2 Bd4
28. Nxd4 Qxg4+ 29. Qg2 Qxg2+ 30. Kxg2 cxd4 31. c5 Bd5 32. Rf5 Rd8 33. c6 Bxc6
34. bxc6 Rc8 35. Rf4 Rxc6 36. Rxe4 Rd6 37. Kf2 d3 38. Ke1 d2+ 39. Kd1 Rd5 40.
Re7 h5 41. h4 Kh7 42. Re6 g6 43. Ra6 Kg7 44. Rb6 Rd4 45. Rb7+ Kh6 46. Rb5 a4
47. Rc5 Rxh4 48. Kxd2 Rh3 49. Rd5 Rxa3 50. Ra5 h4 51. Re5 h3 0-1

[Event "DEM U12/U12w 2010"]
[Site "Oberhof GER"]
[Date "2010.05.26"]
[Round "6"]
[White "Klöckner, Connor"]
[Black "Flüchter, Gregor"]
[Result "1/2-1/2"]
[Termination "normal"]
[Board "14"]
[WhiteElo "1543"]
[BlackElo "1721"]
[PlyCount "135"]
[BlackFideId "12903396"]
[EventCountry "GER"]
[EventRounds "11"]
[EventType "swiss"]
[EventDate "2010.05.22"]

1. d4 d5 2. Nf3 Nf6 3. e3 e6 4. Bd3 a6 5. c3 c5 6. a4 Nc6 7. Nbd2 Be7 8. O-O
O-O 9. Re1 cxd4 10. exd4 Qc7 11. Nf1 Re8 12. Ng3 Bd6 13. Qc2 e5 14. dxe5 Nxe5
15. Nxe5 Bxe5 16. Bg5 Be6 17. Bxf6 Bxf6 18. Bxh7+ Kh8 19. Bd3 Rec8 20. Qe2 Bg5
21. Qh5+ Bh6 22. Bf5 Qb6 23. Re2 d4 24. cxd4 Qxd4 25. Rae1 Qxa4 26. Bxe6 fxe6
27. Rxe6 Qf4 28. R1e3 Rf8 29. Rf3 Qd2 30. Rxf8+ Rxf8 31. Qe2 Qxe2 32. Rxe2 Rd8
33. h3 b5 34. Nf5 Bg5 35. Re6 Rd5 36. g4 Rd1+ 37. Kg2 Rd2 38. Rxa6 Rxb2 39. Rb6
Bf6 40. Rb8+ Kh7 41. h4 g6 42. Rb7+ Kh8 43. Rb6 gxf5 44. Rxf6 fxg4 45. Rf4 b4
46. Rxg4 b3 47. Rb4 Kg7 48. Kf3 Kf6 49. Ke3 Kg6 50. Rb5 Rb1 51. Kd3 b2 52. Kc2
Rc1+ 53. Kxb2 Rf1 54. h5+ Kh6 55. Rf5 Rh1 56. Kc2 Re1 57. Kd3 Re8 58. Kd4 Re2
59. f4 Re8 60. Re5 Rf8 61. Ke4 Rg8 62. Re6+ Kxh5 63. f5 Kg5 64. Ke5 Rg7 65. f6
Rf7 66. Rd6 Kg6 67. Re6 Rf8 68. Re7 1/2-1/2

[Event "DEM U12/U12w 2010"]
[Site "Oberhof GER"]
[Date "2010.05.26"]
[Round "6"]
[White "Angrick, Philipp"]
[Black "Walter, Kevin"]
[Result "1-0"]
[Termination "normal"]
[Board "15"]
[WhiteElo "1528"]
[BlackElo "1777"]
[PlyCount "181"]
[WhiteFideId "12912298"]
[BlackFideId "12906654"]
[EventCountry "GER"]
[EventRounds "11"]
[EventType "swiss"]
[EventDate "2010.05.22"]

1. e4 c5 2. c3 Nf6 3. e5 Nd5 4. d4 cxd4 5. cxd4 Nc6 6. Bc4 Nb6 7. Bb3 d6 8. Nf3
dxe5 9. Nxe5 e6 10. Nxc6 bxc6 11. Nc3 Be7 12. O-O O-O 13. Be3 Bb7 14. Qd3 Qd7
15. Ne4 c5 16. Bc2 f5 17. Nxc5 Bxc5 18. dxc5 Qc6 19. f3 Nd5 20. Qa3 Rac8 21.
Rfe1 Rf6 22. Ba4 Qc7 23. Rac1 Bc6 24. Bf2 Qa5 25. Bxc6 Qxa3 26. bxa3 Rxc6 27.
Rc4 Rf7 28. Rb1 Rfc7 29. Rb5 a6 30. Rb8+ Kf7 31. Rh4 h6 32. Bg3 f4 33. Bxf4
Nxf4 34. Rxf4+ Kg6 35. Rc4 Rxc5 36. Rxc5 Rxc5 37. Rb6 Kf5 38. Rxa6 Rc1+ 39. Kf2
Rc2+ 40. Kg3 Rxa2 41. Ra8 Kg6 42. a4 Kh7 43. Kh3 Ra3 44. a5 Kg6 45. a6 Kf7 46.
a7 Kg6 47. Kg4 Ra4+ 48. f4 Ra2 49. g3 Ra1 50. h4 h5+ 51. Kf3 Ra3+ 52. Ke4 Ra1
53. Kd4 Rd1+ 54. Ke5 Re1+ 55. Kd6 Ra1 56. Kxe6 Re1+ 57. Kd7 Rd1+ 58. Ke7 Ra1
59. Kf8 Kh7 60. f5 Ra6 61. Ke7 Ra1 62. f6 gxf6 63. Kxf6 Ra6+ 64. Kg5 Ra5+ 65.
Kf4 Ra4+ 66. Kf3 Ra3+ 67. Kg2 Ra2+ 68. Kh3 Ra5 69. Kg2 Ra2+ 70. Kf3 Ra3+ 71.
Ke4 Ra4+ 72. Kd5 Ra5+ 73. Kc6 Ra1 74. Rd8 Rc1+ 75. Kb7 Rb1+ 76. Ka8 Kg7 77. Rb8
Rf1 78. Rb7+ Kh6 79. Rb6+ Kh7 80. Kb7 Rf7+ 81. Ka6 Rf8 82. Rb8 Rf6+ 83. Kb5 Rg6
84. a8=Q Rh6 85. Qb7+ Kg6 86. Rg8+ Kf5 87. Qf3+ Ke6 88. Re8+ Kd7 89. Qf7+ Kd6
90. Qe7+ Kd5 91. Qe5# 1-0

[Event "DEM U12/U12w 2010"]
[Site "Oberhof GER"]
[Date "2010.05.26"]
[Round "6"]
[White "Schmekel, Florian"]
[Black "Bentel, Robin"]
[Result "0-1"]
[Termination "normal"]
[Board "16"]
[WhiteElo "1523"]
[BlackElo "1642"]
[PlyCount "52"]
[WhiteFideId "12913456"]
[BlackFideId "12918016"]
[EventCountry "GER"]
[EventRounds "11"]
[EventType "swiss"]
[EventDate "2010.05.22"]

1. d4 Nf6 2. c4 e6 3. Nc3 d5 4. cxd5 exd5 5. Bg5 Be7 6. Nf3 O-O 7. e3 c6 8. Bd3
Bg4 9. O-O Nbd7 10. Rb1 h6 11. Bh4 Ne4 12. Bxe7 Qxe7 13. Be2 f5 14. h3 Bxf3 15.
Bxf3 Rf6 16. Ne2 g5 17. b4 Nb6 18. Bxe4 dxe4 19. Qc2 f4 20. Nc3 Re8 21. b5 f3
22. g3 h5 23. Na4 Nd5 24. Nc5 b6 25. Na6 Qd7 26. bxc6 Qxh3 0-1

[Event "DEM U12/U12w 2010"]
[Site "Oberhof GER"]
[Date "2010.05.26"]
[Round "6"]
[White "Reimers, Juri"]
[Black "Wiesner, Paula"]
[Result "1/2-1/2"]
[Termination "normal"]
[Board "17"]
[WhiteElo "1688"]
[BlackElo "1863"]
[PlyCount "61"]
[WhiteFideId "24661511"]
[BlackFideId "24654019"]
[EventCountry "GER"]
[EventRounds "11"]
[EventType "swiss"]
[EventDate "2010.05.22"]

1. e4 e6 2. d4 d5 3. Nd2 Nf6 4. e5 Nfd7 5. Bd3 c5 6. c3 Nc6 7. Ndf3 cxd4 8.
cxd4 f6 9. exf6 Nxf6 10. Ne2 Bd6 11. Bf4 O-O 12. O-O Ng4 13. Bxd6 Qxd6 14. Ng3
Nf6 15. Re1 Bd7 16. Bf1 Rac8 17. Ne5 Nb4 18. Bd3 Nxd3 19. Qxd3 Bc6 20. Rac1 Nd7
21. Rc3 Nxe5 22. Rxe5 Bd7 23. Re3 Rxc3 24. Qxc3 Rc8 25. Qd2 Rc6 26. Rc3 Qc7 27.
Qc2 Rxc3 28. Qxc3 Qxc3 29. bxc3 Kf7 30. Kf1 Ke7 31. Ke2 1/2-1/2

[Event "DEM U12/U12w 2010"]
[Site "Oberhof GER"]
[Date "2010.05.26"]
[Round "6"]
[White "Paulsen, Alexej"]
[Black "Kaplun, David"]
[Result "1/2-1/2"]
[Termination "normal"]
[Board "19"]
[WhiteElo "1549"]
[BlackElo "1787"]
[PlyCount "114"]
[WhiteFideId "24662372"]
[BlackFideId "12901954"]
[EventCountry "GER"]
[EventRounds "11"]
[EventType "swiss"]
[EventDate "2010.05.22"]

1. c4 e6 2. Nc3 d5 3. d4 Nf6 4. Bg5 Nbd7 5. e3 c6 6. Nf3 Qa5 7. Bxf6 Nxf6 8. a3
Ne4 9. Qa4 Qxa4 10. Nxa4 dxc4 11. Bxc4 b5 12. Bd3 Nf6 13. Nc3 a6 14. O-O Be7
15. Rac1 Bb7 16. Ne4 Rc8 17. b4 O-O 18. Nfd2 Rfd8 19. Bb1 Nd7 20. Nb3 f5 21.
Nec5 Bxc5 22. Nxc5 Nxc5 23. Rxc5 a5 24. Ba2 Kf7 25. Rxf5+ Ke7 26. Re5 Rd6 27.
Bb3 axb4 28. axb4 Ra8 29. h3 Ra3 30. Rb1 Bc8 31. Kf1 Rd8 32. Ke2 Bd7 33. Kd2
Rf8 34. f3 Rf6 35. Kc2 Rg6 36. Rg1 Ra8 37. Re4 Rf8 38. Rg4 Rff6 39. Rxg6 Rxg6
40. Kc3 Rg3 41. h4 Kd6 42. Kd3 e5 43. Ke2 exd4 44. exd4 Rg6 45. Bc2 Re6+ 46.
Kd3 Rh6 47. g3 Bf5+ 48. Kc3 Bxc2 49. Kxc2 Re6 50. Kd3 Re7 51. Ra1 Rf7 52. f4
Re7 53. g4 Kd5 54. Rc1 Ra7 55. Rc5+ Kd6 56. h5 Ra4 57. Rg5 Ra7 1/2-1/2

[Event "DEM U12/U12w 2010"]
[Site "Oberhof GER"]
[Date "2010.05.26"]
[Round "6"]
[White "Heldt, Ronny"]
[Black "Sabirov, Ramil"]
[Result "1/2-1/2"]
[Termination "normal"]
[Board "20"]
[WhiteElo "1584"]
[BlackElo "1584"]
[PlyCount "45"]
[WhiteFideId "12903973"]
[BlackFideId "12900303"]
[EventCountry "GER"]
[EventRounds "11"]
[EventType "swiss"]
[EventDate "2010.05.22"]

1. d4 Nf6 2. c4 g6 3. Nf3 Bg7 4. b4 d5 5. e3 O-O 6. Nbd2 b6 7. a4 Bb7 8. Bb2
Nbd7 9. Rc1 Rc8 10. Be2 c5 11. Qb3 Qc7 12. O-O e6 13. Ba3 Rfd8 14. Rfd1 Ne4 15.
Bb2 Rb8 16. h3 a5 17. b5 Rbc8 18. Qa2 Qb8 19. Ne1 Bh6 20. Ndf3 Bg7 21. Nd2 Bh6
22. Ndf3 Bg7 23. Nd2 1/2-1/2

[Event "DEM U12/U12w 2010"]
[Site "Oberhof GER"]
[Date "2010.05.26"]
[Round "6"]
[White "Kasel, Ronaldo"]
[Black "Hartmann, Jakob"]
[Result "1-0"]
[Termination "normal"]
[Board "21"]
[WhiteElo "1575"]
[BlackElo "1402"]
[PlyCount "79"]
[WhiteFideId "24660949"]
[BlackFideId "12918067"]
[EventCountry "GER"]
[EventRounds "11"]
[EventType "swiss"]
[EventDate "2010.05.22"]

1. Nf3 d5 2. d4 Nf6 3. c4 c6 4. Nc3 e6 5. e3 Nbd7 6. Be2 dxc4 7. Bxc4 b5 8. Bd3
b4 9. Ne2 c5 10. O-O Bb7 11. Nd2 Bd6 12. e4 cxd4 13. Nxd4 Nc5 14. N2f3 Nxd3 15.
Qxd3 Bxe4 16. Qb5+ Kf8 17. Be3 a6 18. Qa4 e5 19. Nb3 Bxf3 20. gxf3 Qc8 21. Kg2
e4 22. Rg1 exf3+ 23. Kxf3 Qf5+ 24. Ke2 Qh5+ 25. Kf1 Ng4 26. Ke1 Nxe3 27. fxe3
Qxh2 28. Rg4 Bg3+ 29. Kd1 Qg1+ 30. Kd2 Qf2+ 31. Kd3 a5 32. Rxb4 Be5 33. Nd4 g6
34. Rb5 Bf6 35. Rb1 Kg7 36. Rxa5 Rxa5 37. Qxa5 Re8 38. Qd2 Qh4 39. Qg2 Qh6 40.
Nf5+ 1-0

[Event "DEM U12/U12w 2010"]
[Site "Oberhof GER"]
[Date "2010.05.26"]
[Round "6"]
[White "Essler, Oskar"]
[Black "Böhm, Jana"]
[Result "1-0"]
[Termination "normal"]
[Board "22"]
[WhiteElo "1568"]
[BlackElo "1298"]
[PlyCount "47"]
[WhiteFideId "12918024"]
[BlackFideId "24661589"]
[EventCountry "GER"]
[EventRounds "11"]
[EventType "swiss"]
[EventDate "2010.05.22"]

1. e4 e6 2. d4 d5 3. Nc3 Nf6 4. e5 Nfd7 5. f4 c5 6. Nf3 Nc6 7. Be3 Qb6 8. Na4
Qa5+ 9. c3 cxd4 10. Nxd4 Nxd4 11. b4 Bxb4 12. Bxd4 Be7 13. Rb1 O-O 14. Bd3 Re8
15. O-O f5 16. exf6 Bxf6 17. Bxh7+ Kh8 18. Bg6 Bxd4+ 19. cxd4 Rd8 20. Qh5+ Kg8
21. Bh7+ Kh8 22. Bf5+ Kg8 23. Bxe6+ Kf8 24. Qf7# 1-0

[Event "DEM U12/U12w 2010"]
[Site "Oberhof GER"]
[Date "2010.05.26"]
[Round "6"]
[White "Bardosch, Karl"]
[Black "Scholz, Robert"]
[Result "0-1"]
[Termination "normal"]
[Board "23"]
[WhiteElo "1450"]
[BlackElo "1599"]
[PlyCount "88"]
[WhiteFideId "24696480"]
[BlackFideId "1270301"]
[EventCountry "GER"]
[EventRounds "11"]
[EventType "swiss"]
[EventDate "2010.05.22"]

1. e4 e5 2. Nc3 Nc6 3. Bc4 Nf6 4. f4 Nxe4 5. Nxe4 d5 6. Bxd5 Qxd5 7. Qf3 Nb4 8.
c3 Nd3+ 9. Kd1 Qxe4 10. Qxe4 Nf2+ 11. Ke2 Nxe4 12. fxe5 Nc5 13. d4 Nd7 14. Nf3
f6 15. Bf4 fxe5 16. Nxe5 Nxe5 17. Bxe5 Bd6 18. Bxd6 cxd6 19. Rhf1 Be6 20. b3 b5
21. Kd3 d5 22. Rae1 Kd7 23. Re2 Rac8 24. Rfe1 Rhe8 25. Rf1 Rc6 26. Kd2 Rec8 27.
Rfe1 Ra6 28. Ra1 Ra3 29. Kc2 Ra6 30. Kb2 Bf5 31. Re5 Be4 32. Rg5 Rg6 33. Rxg6
Bxg6 34. Re1 Rf8 35. Re2 Be4 36. b4 Rf6 37. Kb3 Rf1 38. g3 Rg1 39. Rf2 Ke7 40.
Rf4 Rg2 41. Rg4 g6 42. Rh4 h5 43. g4 Bd3 44. c4 dxc4+ 0-1